[Event "ODEM U25 2010"]
[Site "Oberhof GER"]
[Date "2010.05.24"]
[Round "3"]
[White "Figura, Atila Gajo"]
[Black "Carow, Annelen"]
[Result "1-0"]
[Termination "normal"]
[Board "1"]
[WhiteTitle "FM"]
[WhiteElo "2418"]
[BlackElo "1773"]
[PlyCount "51"]
[WhiteFideId "4688058"]
[BlackFideId "24692492"]
[EventCountry "GER"]
[EventRounds "9"]
[EventType "swiss"]
[EventDate "2010.05.22"]

1. e4 e5 2. Nf3 Nc6 3. Bb5 Nd4 4. Nxd4 exd4 5. O-O Bc5 6. Qh5 Qe7 7. d3 Nf6 8.
Qh4 c6 9. Ba4 d6 10. c3 Ng4 11. Qxe7+ Kxe7 12. Nd2 h5 13. Nf3 Ne5 14. Nxe5 dxe5
15. b4 Bb6 16. c4 a5 17. b5 c5 18. f4 Bc7 19. b6 Bd6 20. fxe5 Bxe5 21. Ba3 Bd6
22. e5 Bxe5 23. Bxc5+ Kd8 24. Rxf7 Bf6 25. Re1 Bf5 26. Bf8 1-0

[Event "ODEM U25 2010"]
[Site "Oberhof GER"]
[Date "2010.05.24"]
[Round "3"]
[White "Remy, Janina"]
[Black "Müller, Reinhold"]
[Result "0-1"]
[Termination "normal"]
[Board "2"]
[WhiteElo "1989"]
[BlackElo "2279"]
[PlyCount "92"]
[WhiteFideId "24627348"]
[BlackFideId "24605875"]
[EventCountry "GER"]
[EventRounds "9"]
[EventType "swiss"]
[EventDate "2010.05.22"]

1. e4 c5 2. Nc3 Nc6 3. Bb5 Nd4 4. a4 g6 5. f4 Bg7 6. Nf3 a6 7. Bc4 d6 8. Nxd4
cxd4 9. Ne2 Bd7 10. d3 e6 11. O-O Ne7 12. g4 h5 13. g5 Bc6 14. Bb3 d5 15. e5
Qb6 16. Rf3 h4 17. h3 Nf5 18. Kh2 Bf8 19. Rb1 Qc7 20. c3 dxc3 21. bxc3 d4 22.
Rf1 dxc3 23. Nxc3 Rd8 24. Re1 Be7 25. Ne4 O-O 26. Bb2 Kg7 27. Qc2 Qd7 28. Rbd1
Rc8 29. Bc3 b5 30. axb5 Bxb5 31. Bc4 Rfd8 32. Qe2 Qc6 33. Bxb5 axb5 34. Rc1 Qd5
35. Red1 b4 36. Bb2 Rxc1 37. Bxc1 Nd4 38. Qb2 Rc8 39. Qf2 Rc2 40. Bd2 Nf5 41.
Qe2 b3 42. Rb1 Bb4 43. Rd1 b2 44. Kg1 Bxd2 45. Nxd2 Qd4+ 46. Kh1 Ng3+ 0-1

[Event "ODEM U25 2010"]
[Site "Oberhof GER"]
[Date "2010.05.24"]
[Round "3"]
[White "Zentgraf, Robert"]
[Black "Valet, Alexander"]
[Result "1-0"]
[Termination "normal"]
[Board "3"]
[WhiteElo "2107"]
[BlackElo "1901"]
[PlyCount "61"]
[WhiteFideId "4676483"]
[BlackFideId "24682560"]
[EventCountry "GER"]
[EventRounds "9"]
[EventType "swiss"]
[EventDate "2010.05.22"]

1. Nf3 d5 2. c4 Nf6 3. d4 e6 4. g3 Bb4+ 5. Bd2 Be7 6. Bg2 O-O 7. O-O Nbd7 8.
Qc2 Ne4 9. Nc3 Ndf6 10. Bf4 Bd6 11. Bxd6 Nxd6 12. c5 Nf5 13. e3 Bd7 14. b4 b6
15. Ne5 c6 16. Rfd1 Rb8 17. cxb6 axb6 18. Na4 Qe7 19. a3 Rfc8 20. Rdc1 c5 21.
Nxd7 Nxd7 22. bxc5 bxc5 23. dxc5 Nxc5 24. Nxc5 Rb5 25. Rab1 Rcxc5 26. Rxb5 Rxb5
27. a4 Rb8 28. Bxd5 Nxe3 29. Qc8+ Qe8 30. Qxe8+ Rxe8 31. Bc6 1-0

[Event "ODEM U25 2010"]
[Site "Oberhof GER"]
[Date "2010.05.24"]
[Round "3"]
[White "Isakson, Alex"]
[Black "Seidler, Lukas"]
[Result "1-0"]
[Termination "normal"]
[Board "4"]
[WhiteElo "1926"]
[BlackElo "2089"]
[PlyCount "67"]
[WhiteFideId "24637351"]
[BlackFideId "12900095"]
[EventCountry "GER"]
[EventRounds "9"]
[EventType "swiss"]
[EventDate "2010.05.22"]

1. e4 d5 2. exd5 Qxd5 3. Nc3 Qa5 4. d4 Nf6 5. Bd2 Qb6 6. Nf3 Bg4 7. Be2 e6 8.
O-O c6 9. Na4 Qc7 10. c4 Nbd7 11. Be3 Bd6 12. h3 Bxf3 13. Bxf3 O-O 14. Nc3 Rfd8
15. Qc2 h6 16. Rad1 a6 17. Rd2 Rac8 18. Rfd1 b5 19. b3 Bb4 20. a3 Bxc3 21. Qxc3
Nb6 22. g3 Rd7 23. Bf4 Qa7 24. Be5 Ne8 25. g4 a5 26. Qd3 Qa6 27. Rc2 bxc4 28.
bxc4 f6 29. Bg3 e5 30. Qb3 a4 31. Qb2 exd4 32. Rxd4 c5 33. Rxd7 Nxd7 34. Bb7
1-0

[Event "ODEM U25 2010"]
[Site "Oberhof GER"]
[Date "2010.05.24"]
[Round "3"]
[White "Becker, Carsten"]
[Black "Magnussen, Helge"]
[Result "0-1"]
[Termination "normal"]
[Board "5"]
[WhiteElo "2007"]
[BlackElo "2063"]
[PlyCount "38"]
[WhiteFideId "24646822"]
[BlackFideId "24632651"]
[EventCountry "GER"]
[EventRounds "9"]
[EventType "swiss"]
[EventDate "2010.05.22"]

1. d4 Nf6 2. Nf3 e6 3. e3 c5 4. Bd3 b6 5. O-O Bb7 6. Nbd2 Be7 7. b3 O-O 8. Bb2
d5 9. Ne5 Nbd7 10. g4 Rc8 11. f3 Ne8 12. f4 Nd6 13. dxc5 bxc5 14. Bxh7+ Kxh7
15. g5 Rh8 16. g6+ Kg8 17. gxf7+ Nxf7 18. Qg4 Ndxe5 19. fxe5 Rh6 0-1

[Event "ODEM U25 2010"]
[Site "Oberhof GER"]
[Date "2010.05.24"]
[Round "3"]
[White "Adelhütte, Dennis"]
[Black "Künstler, Christian"]
[Result "1/2-1/2"]
[Termination "normal"]
[Board "6"]
[WhiteElo "1923"]
[BlackElo "2005"]
[PlyCount "72"]
[WhiteFideId "4661265"]
[BlackFideId "24602361"]
[EventCountry "GER"]
[EventRounds "9"]
[EventType "swiss"]
[EventDate "2010.05.22"]

1. f4 Nf6 2. Nf3 g6 3. e3 Bg7 4. d4 O-O 5. Bd3 d5 6. O-O c5 7. c3 b6 8. Ne5 Ba6
9. Bxa6 Nxa6 10. Nd2 Nc7 11. Ndf3 Ne4 12. Nd2 f6 13. Ng4 Nd6 14. Qf3 e5 15.
dxe5 fxe5 16. Qh3 e4 17. Rd1 Qe7 18. Nf1 Rad8 19. Bd2 Nf5 20. Ng3 Rd6 21. Be1
Re6 22. Nxf5 gxf5 23. Ne5 Rh6 24. Qg3 Kh8 25. c4 Bxe5 26. fxe5 Qe6 27. Bc3 Rg8
28. Qf4 Rg4 29. Qf2 Rhg6 30. g3 b5 31. b3 h5 32. cxd5 Nxd5 33. Rxd5 Qxd5 34.
Qxf5 Qd3 35. Qc8+ Kh7 36. Qxc5 Qe2 1/2-1/2

[Event "ODEM U25 2010"]
[Site "Oberhof GER"]
[Date "2010.05.24"]
[Round "3"]
[White "Wurm, Alexander"]
[Black "Höpfner, Tim"]
[Result "1/2-1/2"]
[Termination "normal"]
[Board "7"]
[WhiteElo "2063"]
[BlackElo "1877"]
[PlyCount "73"]
[WhiteFideId "24637246"]
[BlackFideId "4638310"]
[EventCountry "GER"]
[EventRounds "9"]
[EventType "swiss"]
[EventDate "2010.05.22"]

1. d4 Nf6 2. Nc3 d5 3. Bg5 Bf5 4. f3 Nbd7 5. Nxd5 Nxd5 6. e4 h6 7. Bh4 Ne3 8.
Qd3 Nxf1 9. exf5 Nc5 10. Qb5+ c6 11. Qxc5 Ne3 12. Kf2 Nxf5 13. Qxf5 Qxd4+ 14.
Ke2 Qxh4 15. Rd1 e6 16. Qe4 Qf6 17. c3 Be7 18. Nh3 Rd8 19. Nf2 O-O 20. Ng4 Qg5
21. Qe5 Qxe5+ 22. Nxe5 Rd5 23. Rxd5 cxd5 24. h3 Rc8 25. Kd3 Bd6 26. Ng4 f6 27.
Re1 Kf7 28. Ne3 b5 29. Re2 h5 30. Nc2 e5 31. Re1 g6 32. a4 Rb8 33. b4 Bc7 34.
Ra1 bxa4 35. Rxa4 Bb6 36. Na3 f5 37. c4 1/2-1/2

[Event "ODEM U25 2010"]
[Site "Oberhof GER"]
[Date "2010.05.24"]
[Round "3"]
[White "Bulygin, Anton"]
[Black "Lehmann, Ruben"]
[Result "1/2-1/2"]
[Termination "normal"]
[Board "8"]
[WhiteElo "2051"]
[BlackElo "1851"]
[PlyCount "76"]
[WhiteFideId "24143022"]
[BlackFideId "24671177"]
[EventCountry "GER"]
[EventRounds "9"]
[EventType "swiss"]
[EventDate "2010.05.22"]

1. c4 c6 2. d4 d5 3. e3 Nf6 4. Nf3 e6 5. Nc3 Nbd7 6. a4 Bd6 7. Be2 O-O 8. Qc2
dxc4 9. Bxc4 e5 10. O-O Qe7 11. e4 exd4 12. Nxd4 Ne5 13. Be2 Re8 14. Bg5 a6 15.
Kh1 c5 16. Nd5 Qf8 17. Bxf6 cxd4 18. Bxe5 Bxe5 19. f4 Bb8 20. Nb6 Ra7 21. Rac1
Be6 22. Bc4 Qd6 23. a5 Bd7 24. Qb3 Rxe4 25. Bxf7+ Kf8 26. Bg8 Rxf4 27. Rxf4+
Qxf4 28. Nxd7+ Ke7 29. Re1+ Kxd7 30. Qe6+ Kc7 31. Qe7+ Kc6 32. Qe8+ Kc5 33. b4+
Kxb4 34. Rb1+ Kc5 35. Qh5+ Qe5 36. Rc1+ Kb5 37. Qh3 Qxh2+ 38. Qxh2 Bxh2 1/2-1/2

[Event "ODEM U25 2010"]
[Site "Oberhof GER"]
[Date "2010.05.24"]
[Round "3"]
[White "Feller, Florian"]
[Black "Matschewsky, Justus"]
[Result "1-0"]
[Termination "normal"]
[Board "9"]
[WhiteElo "1933"]
[BlackElo "1727"]
[PlyCount "23"]
[WhiteFideId "4640896"]
[BlackFideId "24678708"]
[EventCountry "GER"]
[EventRounds "9"]
[EventType "swiss"]
[EventDate "2010.05.22"]

1. e4 e5 2. Nf3 Nc6 3. Bc4 Bc5 4. b4 Bxb4 5. c3 Ba5 6. d4 exd4 7. O-O Nge7 8.
Ng5 O-O 9. Qh5 h6 10. Nxf7 Rxf7 11. Bxf7+ Kf8 12. Bb3 1-0

[Event "ODEM U25 2010"]
[Site "Oberhof GER"]
[Date "2010.05.24"]
[Round "3"]
[White "Schneider, Johannes"]
[Black "Hundt, Fabian"]
[Result "1/2-1/2"]
[Termination "normal"]
[Board "10"]
[WhiteElo "1801"]
[BlackElo "1948"]
[PlyCount "47"]
[WhiteFideId "24687260"]
[BlackFideId "4645294"]
[EventCountry "GER"]
[EventRounds "9"]
[EventType "swiss"]
[EventDate "2010.05.22"]

1. d4 Nf6 2. c4 g6 3. Nc3 Bg7 4. e4 d6 5. f3 O-O 6. Be3 Nbd7 7. Qd2 c5 8. Nge2
a6 9. O-O-O Qa5 10. Kb1 Re8 11. Nd5 Qxd2 12. Nxf6+ Bxf6 13. Rxd2 Rb8 14. Nc3
cxd4 15. Bxd4 Bxd4 16. Rxd4 Ne5 17. Nd5 b6 18. Be2 Kg7 19. b3 Nc6 20. Rd2 e5
21. Rhd1 Nd4 22. Bf1 f5 23. Nc3 Bb7 24. Bd3 1/2-1/2

[Event "ODEM U25 2010"]
[Site "Oberhof GER"]
[Date "2010.05.24"]
[Round "3"]
[White "Kreyssig, Robert"]
[Black "Huhnstock, Rico"]
[Result "1/2-1/2"]
[Termination "normal"]
[Board "11"]
[WhiteElo "1880"]
[BlackElo "1918"]
[PlyCount "82"]
[WhiteFideId "4662881"]
[BlackFideId "24642932"]
[EventCountry "GER"]
[EventRounds "9"]
[EventType "swiss"]
[EventDate "2010.05.22"]

1. d4 Nf6 2. c4 g6 3. Nc3 Bg7 4. e4 d6 5. f3 O-O 6. Be3 c6 7. Qd2 a6 8. O-O-O
b5 9. g4 Nbd7 10. h4 h5 11. gxh5 Nxh5 12. Nge2 Qa5 13. Nf4 Ndf6 14. Nxh5 Nxh5
15. Kb1 e5 16. d5 b4 17. Ne2 cxd5 18. Qxd5 Qxd5 19. cxd5 Bd7 20. Bh3 Bxh3 21.
Rxh3 Rac8 22. Ng3 Nxg3 23. Rxg3 Kh7 24. Bg5 Rc7 25. Rdg1 Rfc8 26. h5 gxh5 27.
Rh3 f6 28. Bd2 a5 29. Rxh5+ Kg8 30. Bh6 Rf8 31. Bxg7 Rxg7 32. Rxg7+ Kxg7 33.
Kc2 a4 34. Kd3 Rc8 35. Rh2 Kg6 36. Rg2+ Kf7 37. Rg1 Rc5 38. Rg2 Rc1 39. Rg3 Rb1
40. Rg2 Rc1 41. Rg3 Rb1 1/2-1/2

[Event "ODEM U25 2010"]
[Site "Oberhof GER"]
[Date "2010.05.24"]
[Round "3"]
[White "Mainik, Philipp"]
[Black "Simon, Christopher"]
[Result "1/2-1/2"]
[Termination "normal"]
[Board "12"]
[WhiteElo "1716"]
[BlackElo "1922"]
[PlyCount "50"]
[WhiteFideId "4638646"]
[BlackFideId "24618772"]
[EventCountry "GER"]
[EventRounds "9"]
[EventType "swiss"]
[EventDate "2010.05.22"]

1. e4 d5 2. e5 c5 3. d4 Bf5 4. g4 Bg6 5. c3 e6 6. Bd3 Bxd3 7. Qxd3 Nc6 8. Ne2
Qb6 9. a3 Rc8 10. O-O cxd4 11. cxd4 Nge7 12. Kg2 Ng6 13. f4 h5 14. h3 hxg4 15.
hxg4 Nh4+ 16. Kg3 g6 17. Nd2 Be7 18. b3 Kd7 19. Bb2 Rh7 20. Nf3 Rch8 21. Nfg1
a6 22. b4 Rc8 23. Nf3 Rch8 24. Nfg1 Rc8 25. Nf3 Rch8 1/2-1/2

[Event "ODEM U25 2010"]
[Site "Oberhof GER"]
[Date "2010.05.24"]
[Round "3"]
[White "Orhan, Eda"]
[Black "Gölz, Daniel"]
[Result "0-1"]
[Termination "normal"]
[Board "13"]
[WhiteElo "1778"]
[BlackElo "2095"]
[PlyCount "42"]
[WhiteFideId "24659258"]
[BlackFideId "24626325"]
[EventCountry "GER"]
[EventRounds "9"]
[EventType "swiss"]
[EventDate "2010.05.22"]

1. d4 Nf6 2. Nf3 d6 3. c4 Bf5 4. Nc3 g6 5. e3 Bg7 6. Bd3 Bxd3 7. Qxd3 O-O 8. e4
Nbd7 9. Bf4 Nh5 10. Be3 e5 11. d5 Nf4 12. Bxf4 exf4 13. b4 a5 14. bxa5 Rxa5 15.
Nd4 Qf6 16. Nce2 Ne5 17. Qc3 Rfa8 18. Qb3 f3 19. gxf3 Ra3 20. Qd1 Nxf3+ 21.
Nxf3 Qxf3 0-1

[Event "ODEM U25 2010"]
[Site "Oberhof GER"]
[Date "2010.05.24"]
[Round "3"]
[White "Zuferi, Enis"]
[Black "Senf, Paul"]
[Result "1-0"]
[Termination "normal"]
[Board "14"]
[WhiteElo "1853"]
[BlackElo "1593"]
[PlyCount "73"]
[WhiteFideId "24692530"]
[BlackFideId "12900389"]
[EventCountry "GER"]
[EventRounds "9"]
[EventType "swiss"]
[EventDate "2010.05.22"]

1. d4 f5 2. Nc3 Nf6 3. Bg5 d6 4. h4 Nbd7 5. Qd3 g6 6. e4 fxe4 7. Nxe4 Bg7 8. h5
Nxh5 9. Rxh5 gxh5 10. Qf3 Nf6 11. Nxf6+ exf6 12. Qxh5+ Kf8 13. Be3 Qe8 14. Qf3
Rb8 15. O-O-O Bd7 16. Bd3 b5 17. Ne2 Qf7 18. d5 a5 19. Rh1 Kg8 20. Nf4 b4 21.
Nh5 f5 22. Bf4 a4 23. Rh3 Be5 24. Qg3+ Qg6 25. Bxe5 dxe5 26. Qxe5 Kf7 27. Bxf5
Qh6+ 28. Nf4 Qd6 29. Qxd6 cxd6 30. Bxd7 Ra8 31. Rg3 Rhb8 32. Nh5 Rh8 33. Rg7+
Kf8 34. Be6 h6 35. Rf7+ Ke8 36. Rd7 Rf8 37. Ng7# 1-0

[Event "ODEM U25 2010"]
[Site "Oberhof GER"]
[Date "2010.05.24"]
[Round "3"]
[White "Arps, Jan-Philipp"]
[Black "Twerskoi, David"]
[Result "1-0"]
[Termination "normal"]
[Board "15"]
[WhiteElo "2013"]
[BlackElo "1632"]
[PlyCount "93"]
[WhiteFideId "24645680"]
[EventCountry "GER"]
[EventRounds "9"]
[EventType "swiss"]
[EventDate "2010.05.22"]

1. e4 e5 2. Nf3 Nc6 3. d4 exd4 4. Bc4 Be7 5. c3 dxc3 6. Qd5 Nh6 7. Bxh6 O-O 8.
Bxg7 Kxg7 9. Nxc3 d6 10. Qh5 Bf6 11. h4 Ne5 12. Nxe5 Bxe5 13. f4 Bxc3+ 14. bxc3
Qf6 15. Qg5+ Qxg5 16. hxg5 Be6 17. Bd3 Rae8 18. Kf2 f6 19. gxf6+ Rxf6 20. Kf3
Ref8 21. f5 Bd7 22. g4 Bc6 23. Kf4 h6 24. Rh4 Rh8 25. Rg1 Kf7 26. Rgh1 Kg7 27.
Rh5 Kf7 28. Ke3 Re8 29. g5 hxg5 30. Rxg5 Ke7 31. Rh7+ Kd8 32. Kf4 Ref8 33. Rgg7
Ke8 34. Rxc7 R8f7 35. Kg5 Rxh7 36. Rxh7 Rf7 37. Rh8+ Ke7 38. Rh6 Rg7+ 39. Rg6
Rh7 40. Bc4 Be8 41. f6+ Kd8 42. Rg8 Rh5+ 43. Kg4 Kd7 44. Rxe8 Kxe8 45. Kxh5 Kf8
46. Kg6 a6 47. Kf5 1-0

[Event "ODEM U25 2010"]
[Site "Oberhof GER"]
[Date "2010.05.24"]
[Round "3"]
[White "Kast, Joannis"]
[Black "Siebarth, Marco"]
[Result "0-1"]
[Termination "normal"]
[Board "16"]
[WhiteElo "1733"]
[BlackElo "2049"]
[PlyCount "46"]
[WhiteFideId "24698776"]
[BlackFideId "24604330"]
[EventCountry "GER"]
[EventRounds "9"]
[EventType "swiss"]
[EventDate "2010.05.22"]

1. e4 c5 2. Nf3 e6 3. d4 cxd4 4. Nxd4 Bc5 5. Nb3 Bb6 6. c4 Ne7 7. Nc3 O-O 8.
Be2 f5 9. exf5 Nxf5 10. O-O Nc6 11. Bd3 Qh4 12. Qe1 d6 13. Ne2 Ne5 14. Bxf5
Rxf5 15. Ng3 Ng4 16. h3 Rxf2 17. Rxf2 Bxf2+ 18. Qxf2 Nxf2 19. Kxf2 Bd7 20. Be3
Rf8+ 21. Kg1 Qxg3 22. Bxa7 Bc6 23. Nd4 Qxg2# 0-1

[Event "ODEM U25 2010"]
[Site "Oberhof GER"]
[Date "2010.05.24"]
[Round "3"]
[White "Weber, Max"]
[Black "Kühne, Niklas"]
[Result "1-0"]
[Termination "normal"]
[Board "17"]
[WhiteElo "1888"]
[BlackElo "1652"]
[PlyCount "97"]
[WhiteFideId "4624831"]
[BlackFideId "24690015"]
[EventCountry "GER"]
[EventRounds "9"]
[EventType "swiss"]
[EventDate "2010.05.22"]

1. d4 d5 2. c4 e6 3. Nf3 Nf6 4. g3 Nbd7 5. Bg2 dxc4 6. Nbd2 Nb6 7. Nxc4 c6 8.
Qc2 Be7 9. O-O O-O 10. Rd1 Nxc4 11. Qxc4 Bd7 12. Ne5 Qb6 13. Bg5 Rad8 14. e4 h6
15. Be3 Qb4 16. Qxb4 Bxb4 17. h3 Bc8 18. a3 Ba5 19. Nc4 Bc7 20. Rac1 Bb8 21.
Bf3 Rfe8 22. Bf4 Bxf4 23. gxf4 Re7 24. Rd2 Red7 25. e5 Ne8 26. Rcd1 Nc7 27. a4
Kf8 28. Kg2 Ke7 29. Be4 g6 30. Na5 Nd5 31. Bxd5 cxd5 32. Rc2 b6 33. Nc6+ Ke8
34. Rdc1 Ba6 35. Nxd8 Kxd8 36. b3 h5 37. Rc6 Bd3 38. Rc8+ Ke7 39. R1c7 a6 40.
Rc6 b5 41. a5 b4 42. Rb6 Bb5 43. Kg3 Ra7 44. Rcb8 Rc7 45. R8b7 Kd7 46. Kh4 Kd8
47. Rxc7 Kxc7 48. Kg5 Bf1 49. h4 1-0

[Event "ODEM U25 2010"]
[Site "Oberhof GER"]
[Date "2010.05.24"]
[Round "3"]
[White "Klosa, Kevin"]
[Black "Ehlers, Michael"]
[Result "0-1"]
[Termination "normal"]
[Board "18"]
[WhiteElo "1493"]
[BlackElo "1958"]
[PlyCount "54"]
[WhiteFideId "12900206"]
[BlackFideId "4674537"]
[EventCountry "GER"]
[EventRounds "9"]
[EventType "swiss"]
[EventDate "2010.05.22"]

1. e4 c5 2. Nc3 Nc6 3. f4 e6 4. e5 d5 5. exd6 Bxd6 6. d3 Nf6 7. g3 O-O 8. Bg2
a6 9. a4 e5 10. Nge2 exf4 11. Bxf4 Bxf4 12. Nxf4 Re8+ 13. Nfe2 Ng4 14. Qd2 Ne3
15. Bf3 Nd4 16. Kf2 Nexc2 17. Rab1 Qf6 18. Qf4 Re6 19. Nd5 Qxf4 20. Nexf4 Re5
21. Rbc1 Bf5 22. Nb6 Rd8 23. Rhd1 Nxf3 24. Kxf3 Nd4+ 25. Kf2 g5 26. Ng2 Re2+
27. Kf1 Bh3 0-1

[Event "ODEM U25 2010"]
[Site "Oberhof GER"]
[Date "2010.05.24"]
[Round "3"]
[White "Eigemann, Julian"]
[Black "Mehling, Franziska"]
[Result "1-0"]
[Termination "normal"]
[Board "19"]
[WhiteElo "1841"]
[BlackElo "1477"]
[PlyCount "101"]
[WhiteFideId "24666599"]
[BlackFideId "12900133"]
[EventCountry "GER"]
[EventRounds "9"]
[EventType "swiss"]
[EventDate "2010.05.22"]

1. e4 c5 2. Nf3 a6 3. d3 e6 4. g3 b5 5. Bg2 Bb7 6. O-O d5 7. Nbd2 Be7 8. Re1
Nf6 9. e5 Nfd7 10. Nf1 Nc6 11. h4 h5 12. Bf4 Qb6 13. c3 Rc8 14. Qe2 g6 15. N1h2
c4 16. d4 b4 17. Reb1 a5 18. Ng5 Ba6 19. Bh3 Qa7 20. Qc2 Nd8 21. Nhf3 Rb8 22.
Qd1 Nb6 23. Kg2 Qd7 24. g4 hxg4 25. Bxg4 Na4 26. Qd2 Qc7 27. Bh3 bxc3 28. bxc3
Ba3 29. Rxb8 Qxb8 30. Qc2 Bb5 31. Rb1 Qb7 32. Bxe6 Nxe6 33. Nxe6 fxe6 34. Qxa4
Bxa4 35. Rxb7 Rf8 36. Bh6 Rf7 37. Rb8+ Ke7 38. Ng5 Rf5 39. Nh7 Bc2 40. Bf8+
Rxf8 41. Nxf8 Kf7 42. Nh7 Be7 43. Rb7 Ke8 44. Ng5 Bf5 45. Ra7 Bd8 46. Nf7 Bb6
47. Nd6+ Kd8 48. Rb7 Bc7 49. Rb5 a4 50. Nxf5 exf5 51. Rxd5+ 1-0

[Event "ODEM U25 2010"]
[Site "Oberhof GER"]
[Date "2010.05.24"]
[Round "3"]
[White "Meiser, Michael"]
[Black "Oltmanns, Bianca"]
[Result "1-0"]
[Termination "normal"]
[Board "20"]
[WhiteElo "1967"]
[BlackElo "1402"]
[PlyCount "93"]
[WhiteFideId "24659762"]
[BlackFideId "24698008"]
[EventCountry "GER"]
[EventRounds "9"]
[EventType "swiss"]
[EventDate "2010.05.22"]

1. e4 c5 2. Nc3 d6 3. f4 Nc6 4. Nf3 Nf6 5. Bc4 e6 6. d3 Be7 7. O-O O-O 8. Bb3
a6 9. Ne2 b5 10. Ng3 Bb7 11. f5 d5 12. c3 Qc7 13. e5 Nd7 14. d4 cxd4 15. cxd4
Qb6 16. Bc2 Ndxe5 17. Nxe5 Nxe5 18. Kh1 Nc6 19. f6 Bxf6 20. Rxf6 Qxd4 21. Qh5
g6 22. Qf3 Ne5 23. Qf1 Rac8 24. Rf4 Qc5 25. Bb3 Qd6 26. Rh4 Rc6 27. Bh6 Rfc8
28. Qf6 Rc1+ 29. Nf1 Qf8 30. Bxf8 Kxf8 31. Rxh7 Ke8 32. Rxc1 Rxc1 33. Kg1 Re1
34. Rh8+ Kd7 35. Rd8+ Kc6 36. Qf2 Re4 37. h3 Kc7 38. Rf8 f5 39. Nd2 Rb4 40.
Qc5+ Nc6 41. Rf7+ Kb8 42. Qb6 Na5 43. Qxa5 Rxb3 44. Nxb3 Ka7 45. Nc5 d4 46.
Rxb7+ Ka8 47. Qxa6# 1-0

[Event "ODEM U25 2010"]
[Site "Oberhof GER"]
[Date "2010.05.24"]
[Round "3"]
[White "Weber, Yannik"]
[Black "Baier, Christoph"]
[Result "0-1"]
[Termination "normal"]
[Board "21"]
[WhiteElo "1285"]
[BlackElo "1841"]
[PlyCount "68"]
[WhiteFideId "24692700"]
[BlackFideId "24655759"]
[EventCountry "GER"]
[EventRounds "9"]
[EventType "swiss"]
[EventDate "2010.05.22"]

1. d4 Nf6 2. c4 g6 3. Nf3 Bg7 4. Bf4 O-O 5. e3 c5 6. Be5 Nc6 7. Nc3 d6 8. Bxf6
Bxf6 9. Qd2 Bg4 10. d5 Ne5 11. Nxe5 Bxe5 12. f3 Bd7 13. Bd3 a6 14. e4 Rb8 15.
O-O b5 16. b3 b4 17. Ne2 Bxa1 18. Rxa1 a5 19. Bc2 Ra8 20. a4 bxa3 21. Rxa3 Qb6
22. Ra1 Qb4 23. Qe3 Ra7 24. Nc1 Rfa8 25. Nd3 Qc3 26. Rc1 a4 27. bxa4 Qxc4 28.
Nb2 Qb4 29. Rb1 Qd4 30. Qxd4 cxd4 31. Nc4 Bxa4 32. Bd3 Be8 33. Rb3 Rc7 34. Na3
Rc3 0-1

[Event "ODEM U25 2010"]
[Site "Oberhof GER"]
[Date "2010.05.24"]
[Round "3"]
[White "Hartzendorf, Jonathan"]
[Black "Erben, Katrin"]
[Result "1-0"]
[Termination "normal"]
[Board "22"]
[WhiteElo "1671"]
[BlackElo "1044"]
[PlyCount "55"]
[WhiteFideId "24660990"]
[BlackFideId "24692743"]
[EventCountry "GER"]
[EventRounds "9"]
[EventType "swiss"]
[EventDate "2010.05.22"]

1. c4 e5 2. Nc3 Bc5 3. Nf3 Nc6 4. g3 d6 5. Bg2 Be6 6. b3 Nf6 7. Bb2 O-O 8. O-O
a6 9. e3 Bg4 10. h3 Bf5 11. d4 Bb4 12. g4 Bxc3 13. Bxc3 exd4 14. exd4 Be4 15.
Re1 Re8 16. d5 Na7 17. Bd4 b5 18. Nd2 Bxg2 19. Kxg2 c5 20. Rxe8+ Qxe8 21. Bxf6
gxf6 22. Qe1 b4 23. Ne4 Qe7 24. Qe3 Nc8 25. Re1 Nb6 26. Qf4 Re8 27. Nxf6+ Kg7
28. Nxe8+ 1-0

[Event "ODEM U25 2010"]
[Site "Oberhof GER"]
[Date "2010.05.24"]
[Round "3"]
[White "Schirra, Felix"]
[Black "Wang, Julia"]
[Result "0-1"]
[Termination "normal"]
[Board "24"]
[WhiteElo "1599"]
[BlackElo "1722"]
[PlyCount "30"]
[WhiteFideId "24692662"]
[BlackFideId "24692565"]
[EventCountry "GER"]
[EventRounds "9"]
[EventType "swiss"]
[EventDate "2010.05.22"]

1. e4 c6 2. Nf3 d5 3. exd5 cxd5 4. Ne5 Nf6 5. d4 a6 6. Bd3 Nc6 7. c3 Qb6 8. Qc2
g6 9. Bg5 Nxe5 10. dxe5 Ng4 11. Bf4 Bg7 12. Qe2 Qe6 13. Nd2 Nxe5 14. O-O-O
Nxd3+ 15. Qxd3 Qc6 0-1

[Event "ODEM U25 2010"]
[Site "Oberhof GER"]
[Date "2010.05.24"]
[Round "3"]
[White "Wachinger, David"]
[Black "Holle, Eric"]
[Result "1/2-1/2"]
[Termination "normal"]
[Board "25"]
[WhiteElo "1500"]
[BlackElo "1694"]
[PlyCount "147"]
[WhiteFideId "24692689"]
[BlackFideId "4624610"]
[EventCountry "GER"]
[EventRounds "9"]
[EventType "swiss"]
[EventDate "2010.05.22"]

1. d4 e6 2. Nf3 Nf6 3. e3 c5 4. Be2 d5 5. O-O Nc6 6. a3 Bd6 7. dxc5 Bxc5 8. b4
Bd6 9. Bb2 a6 10. c4 O-O 11. Nbd2 Rb8 12. Qb3 Kh8 13. Rac1 Ne7 14. Rfd1 b5 15.
c5 Bc7 16. Ne5 Nd7 17. Ndf3 f6 18. Nxd7 Bxd7 19. Qc2 e5 20. Rd2 Bf5 21. Qb3 Qe8
22. Nh4 Be6 23. Qc2 Rd8 24. Rcd1 e4 25. g3 Nc6 26. Ng2 Qf7 27. Qb1 Rd7 28. Bc3
Kg8 29. Bb2 g5 30. f3 f5 31. Rf1 Qe8 32. Rdd1 Ne5 33. fxe4 fxe4 34. Rxf8+ Qxf8
35. Rf1 Nf3+ 36. Bxf3 exf3 37. Ne1 g4 38. Qd1 Kf7 39. Nxf3 Qh6 40. Ne5+ Ke7 41.
Nxd7 Qxe3+ 42. Rf2 Kxd7 43. Qd2 Qb3 44. Qc2 Qxc2 45. Rxc2 Bf5 46. Rf2 Ke6 47.
Kf1 Bb8 48. Ke1 Bc7 49. Kd2 Bd8 50. Re2+ Be4 51. Bd4 Bg5+ 52. Kc3 Kd7 53. Re1
Kc6 54. Ra1 Kb7 55. a4 Bd8 56. axb5 axb5 57. c6+ Kxc6 58. Ra6+ Kb7 59. Ra7+ Kc6
60. Rg7 Bg6 61. Rg8 Bc7 62. Be3 Be5+ 63. Bd4 Bc7 64. Rf8 Kd7 65. Bc5 Be5+ 66.
Bd4 Bc7 67. Ra8 Kc6 68. Ra6+ Kb7 69. Re6 Bf5 70. Re7 Kc6 71. Be5 Bd8 72. Rf7
Be4 73. Rf8 Bb6 74. Rb8 1/2-1/2

[Event "ODEM U25 2010"]
[Site "Oberhof GER"]
[Date "2010.05.24"]
[Round "3"]
[White "Dohmann, Dorothea"]
[Black "Veit, Björn"]
[Result "0-1"]
[Termination "normal"]
[Board "26"]
[WhiteElo "1844"]
[BlackElo "1742"]
[PlyCount "86"]
[WhiteFideId "12915459"]
[BlackFideId "24600717"]
[EventCountry "GER"]
[EventRounds "9"]
[EventType "swiss"]
[EventDate "2010.05.22"]

1. c4 e6 2. Nc3 d5 3. cxd5 exd5 4. d4 Nf6 5. g3 Bf5 6. Bg2 c6 7. Nf3 Bd6 8. O-O
O-O 9. Ng5 Re8 10. Re1 Nbd7 11. e4 dxe4 12. Ngxe4 Bxe4 13. Nxe4 Nxe4 14. Bxe4
Nf6 15. Bg5 h6 16. Bxf6 Qxf6 17. Rb1 Bb4 18. Re3 Rad8 19. Qd3 Kf8 20. Rd1 Bc5
21. Rf3 Qxd4 22. Rxf7+ Kg8 23. Qxd4 Bxd4 24. Bg6 Bxf2+ 25. Kxf2 Rxd1 26. Rxb7
Rd2+ 27. Kf3 Rf8+ 28. Kg4 Rxh2 29. Rxa7 Rxb2 30. a4 Rc8 31. Kh5 c5 32. Ra6 c4
33. Bf5 Rc5 34. Kg6 Rb8 35. Be6+ Kf8 36. Ra7 Rb6 37. Rf7+ Ke8 38. Kxg7 Rxe6 39.
Rf8+ Kd7 40. Ra8 c3 41. Ra7+ Rc7 42. Ra5 c2 43. Rd5+ Rd6 0-1